000 00593cam a2200193 a 4500
001 000025716
005 20200930024008.0
008 760831s1979 cu a 000 | spa d
082 _axxx
_bR669e
100 1 _aRocasolano, Alberto,
_947872
245 1 0 _aEn buenas manos /
_cAlberto Rocasolano; edición Maritza González.
260 _aCiudad de La Habana :
_bLetras Cubanas,
_c1979.
300 _a53 p. :
_bil. ;
_c18 cm.
490 1 _aMínima. Poesía,
_v10
700 1 _aGonzález , Maritza,
_eed.
_917656
830 0 _aMínima.
_pPoesía,
_v10
_952485
049 _aBNGR
999 _c25208
_d25208
040 _aDO-SdBNP